| 000 | 01023nas a2200325 4500 | ||
|---|---|---|---|
| 001 | BR9200581 | ||
| 003 | BR-BrBNA | ||
| 005 | 20231205092257.0 | ||
| 007 | ta | ||
| 008 | 230509b bl.|||p| |||| 00| 00por d | ||
| 040 |
_aBR-BrBNA _bpor _cBiblioteca Nacional de Agricultura |
||
| 041 | _a(Pt) | ||
| 072 | _aF60 | ||
| 100 | 1 | _aMiranda, L.C.G. de | |
| 100 | 1 | _aCoelho, D.T. | |
| 100 | 1 | _aFeitosa, F.F.F.T. | |
| 100 | 1 | _aSilveira, A.J. da | |
| 100 | 1 | _aRezende, J.L.M. | |
| 245 | 1 | _aComparacao entre os teores de amido e acido cianidrico de alguns cultivares de mandioca (Manihot esculenta Crantz)cultivados em Minas Gerais | |
| 650 | _aMANDIOCA | ||
| 650 | _aAMIDO | ||
| 650 | _aACIDO PRUSSICO | ||
| 650 | _aBIOQUIMICA VEGETAL | ||
| 650 | _aCOMPOSICAO QUIMICA | ||
| 650 | _aCOMPORTAMENTO DE VARIEDADE | ||
| 650 | _aMINAS GERAIS | ||
| 773 | 0 |
_tRevista Ceres (Brazil) _xISSN 0034-737X _g(Nov-Dec 1981), v. 28(160) p. 555-559 _wBR9200581 |
|
| 909 |
_a202311 _bLúcia _c55 _dLúcia Elande |
||
| 942 |
_2AGRIS _n0 _cANA |
||
| 999 |
_c130609 _d130609 |
||